Statistics for Countries that Start with U

Click here to take the quiz!

General Stats

  • This quiz has been taken 295,157 times
    (295,095 since last reset)
  • The average score is 6 of 7

Answer Stats

Country% Correct
United States
91%
United Kingdom
88%
Uruguay
88%
Uganda
87%
Uzbekistan
83%
United Arab Emirates
68%
Ukraine
67%

Score Distribution

Percentile by Number Answered

Percent of People with Each Score

Your Score History

You have not taken this quiz since the last reset